00338nam a2200133 a 45000010010000000030011000100080041000210350026000620820014000881000022001022450029001242600032001536500019001850000-9096ELIB.Books110520 1969  a(ELIB.Books)0000-9245 a248 bMil aMiller, Alther S. aUnder the Personage Roof bChicago; Moody Press c1969 aChristian Life